000 004260000a22001690004500
003 MACL
005 20160109134739.0
008 160109b xxu||||| |||| 00| 0 eng d
040 _aMACL
_cMACL
041 _aEnglish
082 _a920.715MAH
100 _aMahajan, Mehr Chand
_929567
245 _aLooking Back
260 _bAsia Publishing House
_c1963
_aBombay
650 _aBiography
_930444
942 _cBK
_k920.715/MAH
_2ddc
999 _c36284
_d36284